000 00439nam a2200145 4500
005 20260327120002.0
008 260327b |||||||| |||| 00| 0 eng d
020 _a81-239-0400-2
100 _aNelkon Michael and Parker Philip
245 _aAdvanced Level Physics
_c/Micheal & Philip
250 _a7th ed
260 _aDaryaganj, New Delhi;
_bCBS Publishers & Distributors Pvt Ltd;
_c1958
300 _axv,927p.ill;
_c21cm
942 _2lcc
_n0
_cBK
999 _c207
_d207